Washing Machine Heart Lyrics (Mitski) - Statistics

General Stats
  • This quiz has been taken 26 times
  • The average score is 90 of 95
Answer Stats
Lyrics % Correct
Baby
100%
Baby
100%
Baby
100%
Baby
100%
Dirty
100%
Dirty
100%
Heart
100%
Heart
100%
I
100%
I
100%
I
100%
I
100%
I
100%
Im
100%
In
100%
In
100%
Inside
100%
Inside
100%
Kiss
100%
Kiss
100%
Lipstick
100%
Machine
100%
Machine
100%
Maybe
100%
Me
100%
Me
100%
Me
100%
Me
100%
Me
100%
Me
100%
Me
100%
My
100%
My
100%
My
100%
My
100%
Not
100%
Not
100%
Not
100%
Not
100%
Not
100%
Not
100%
Not
100%
Shoes
100%
Shoes
100%
though
100%
Thought
100%
Tonight
100%
Toss
100%
Toss
100%
Usual
100%
Washing
100%
Washing
100%
We
100%
Wearing
100%
Who
100%
Who
100%
Would
100%
You
100%
You
100%
You
100%
Your
100%
Your
100%
Already
95%
And
95%
It
95%
It
95%
Up
95%
Up
95%
Why
95%
Why
95%
Why
95%
Why
95%
Why
95%
Why
95%
Am
90%
Am
90%
Bang
90%
Bang
90%
Know
86%
Know
86%
Pretend
86%
Pretend
86%
Will
81%
Do
76%
Do
76%
Do
76%
Eyes
76%
Mi
71%
Mi
71%
Mi
71%
Ti
71%
Ti
71%
Ti
71%
Closed
62%
Ive
62%
No matching quizzes found
Score Distribution
Percent of People with Each Score
Percentile by Number Answered
Your Score History
You have not taken this quiz